UBT Library

THE ENJOYMENT OF MUSIC (Record no. 58721)

000 -LEADER
fixed length control field 00328nam a22001457a 4500
008 - FIXED-LENGTH DATA ELEMENTS--GENERAL INFORMATION
fixed length control field 221102b ||||| |||| 00| 0 eng d
020 ## - INTERNATIONAL STANDARD BOOK NUMBER
International Standard Book Number 2900393936383
041 ## - LANGUAGE CODE
Language code of text/sound track or separate title eng
080 ## - UNIVERSAL DECIMAL CLASSIFICATION NUMBER
Edition identifier 12TH EDITION
Universal Decimal Classification number 781
082 ## - DEWEY DECIMAL CLASSIFICATION NUMBER
Classification number 781
100 ## - Rafti
Rafti 20.1
101 ## - Shkurtesa
Shkurtesa MUZIK
245 ## - TITLE STATEMENT
Title THE ENJOYMENT OF MUSIC
Statement of responsibility, etc FORNEY K
942 ## - ADDED ENTRY ELEMENTS (KOHA)
Source of classification or shelving scheme
Item type Books
Holdings
Withdrawn status Lost status Source of classification or shelving scheme Damaged status Not for loan Collection code Permanent location Current location Date acquired Total Checkouts Full call number Barcode Date last seen Price effective from Koha item type
          Koleksioni i përgjithshem UBT - Lipjan UBT - Lipjan 11/02/2022   781 FOR 002-800028700260411 11/02/2022 11/02/2022 Books
UBT Library © 2015-2024. All rights reserved University Education for Business and Technology